Guide to sources for agricultural and biological research. (Record no. 37046)

MARC details
000 -LEADER
fixed length control field 00434nam a2200145Ia 4500
082 ## - DEWEY DECIMAL CLASSIFICATION NUMBER
Classification number 631:57(036)
Item number BLA
100 ## - MAIN ENTRY--AUTHOR NAME
Personal name BLANCHARD, Richard J
245 #0 - TITLE STATEMENT
Title Guide to sources for agricultural and biological research.
260 ## - PUBLICATION, DISTRIBUTION, ETC. (IMPRINT)
Place of publication Berkeley
Name of publisher University of California
Year of publication 1981
650 ## - SUBJECT ADDED ENTRY--TOPICAL TERM
Topical Term Agricultural research
650 ## - SUBJECT ADDED ENTRY--TOPICAL TERM
Topical Term Biological research
700 ## - ADDED ENTRY--PERSONAL NAME
Personal name FARREL, Louis
942 ## - ADDED ENTRY ELEMENTS (KOHA)
Koha item type Books
Holdings
Withdrawn status Lost status Damaged status Not for loan Home library Current library Date acquired Full call number Accession Number Koha item type
        RRII Library RRII Library 16/12/2021 631:57(036) BLA 17437 Books